00891nam a2200181 a 450000100100000000500170001000800410002704000250006811000680009324502090016126000620037030000300043249000460046259000260050883000530053495201050058799900170069200004870320201002061337.0190410s2016 dr a 000 0 spa d aDO-SdBNPbspacBNPHU1 aSuperintendencia de ElectricidadbRepública Dominicana97615210aReglamento para presentación, procesamiento y decisión de las reclamaciones surgeridas en la relación empresas distribución- usuarios en la vía administrativa :bresolución SIE-039-2016-MEM I. aSanto Domingo :bSuperintendencia de Electricidad,c2016. a[29] p. :bils. ;c28 cm.1 aMercado eléctronico minorista (MEMI)v7 aInventariado, 2019/VM 0aMercado eléctronico minorista (MEMI)n7976160 0010718PDaPDbPDcHDd2019-04-10iLF1l0o p48703-10r2020-06-25w2020-06-25yLFPDZNo se presta c48191d48191